|
|
|
|
| LEADER |
00000cam a2200000 a 4500 |
| 001 |
vtls008355477 |
| 003 |
SK-MaSNL |
| 005 |
20260302085125.0 |
| 008 |
240318s1975 xo da e n 000 0 slo |
| 015 |
|
|
|a SKSNBA1975/11-02674
|
| 035 |
|
|
|a SK01SNK19750047694
|
| 035 |
|
|
|a SKM000050157
|
| 040 |
|
|
|a SNK
|b slo
|c SNK
|e AACR2
|
| 041 |
0 |
|
|a slo
|
| 044 |
|
|
|a xo
|c SK
|
| 080 |
|
|
|a 531.1/.3(075.8)
|2 1981
|
| 100 |
1 |
|
|a Hörmann, Jozef
|4 aut
|9 397287
|
| 245 |
1 |
0 |
|a Mechanika
|n 1.
|p Statika, kinematika, dynamika
|c Jozef Hörmann
|
| 246 |
3 |
0 |
|a Statika, kinematika, dynamika
|
| 250 |
|
|
|a 2. nezm. vyd.
|
| 260 |
|
|
|a Bratislava
|b Slovenská vysoká škola technická
|c 1975
|
| 300 |
|
|
|a 271, [1] s.
|b grafy, sch., tab.
|c 4°
|
| 366 |
|
|
|e 200 výt.
|
| 504 |
|
|
|a Bibliogr. odkazy
|
| 650 |
0 |
7 |
|a mechanika
|2 SNKPH
|9 706
|
| 650 |
0 |
7 |
|a statika
|2 SNKPH
|9 30414
|
| 650 |
0 |
7 |
|a kinematika
|2 SNKPH
|9 19598
|
| 650 |
0 |
7 |
|a dynamika
|2 SNKPH
|9 3623
|
| 655 |
|
7 |
|a učebnice vysokých škôl
|2 SNKPH
|9 70191
|
| 958 |
|
|
|a OND
|
| 958 |
|
|
|a UV
|
| 958 |
|
|
|a NB
|
| 958 |
|
|
|a RM
|
| 958 |
|
|
|a RK
|
| 999 |
|
|
|c 1190806
|d 1192736
|
| 952 |
|
|
|a SNK
|b SNK
|y PREZ
|7 0
|p 17A0924604
|o snkSB 22810/1
|i snkKSP 7381/75
|0 0
|1 0
|4 0
|d 2014-05-23
|f 1
|l 0
|r 2025-03-27 00:00:00
|w 2026-02-24
|